000 00744nam a2200253Ia 4500
008 160418s9999 xx 000 0 und d
020 _a971-27-0599-4
050 _aFIL PL 5546
050 _b.P45 1997
245 _aPhilippine literature :
245 _ba history and anthology /
245 _cedited by Bienvenido Lumbera, Cynthia Nograles Lumbera.
250 _aRevised Edition
260 _aManila :
260 _bAnvil Pub. Inc.,
260 _c1997
300 _a440 pages :
300 _billustrations ;
300 _c25 cm.
500 _aIncludes bibliographical references.
650 _aPhilippine fiction (English).
650 _aPhilippine literature -- History and criticism.
650 _xPhilippine literature.
999 _c293598
_d293598